[Event "Südlohner SV 1 - SV Horst-Emscher 1"]
[Site "NRW-Klasse - Gruppe 2 2021/20"]
[Date "2021.12.19"]
[Round "3.7"]
[White "Renn, Thorsten"]
[Black "Hater, Wolfgang"]
[Result "1/2-1/2"]
[WhiteElo "1883"]
[BlackElo "2024"]
[PlyCount "189"]
[EventDate "2021.??.??"]
[SourceVersionDate "2020.03.16"]
[WhiteTeam "SV Horst-Emscher 1"]
[BlackTeam "Südlohner SV 1"]

1. e4 e5 2. Nf3 Nc6 3. d4 exd4 4. Nxd4 d6 5. Nc3 Nf6 6. Be2 Be7 7. O-O O-O 8.
Nxc6 bxc6 9. Be3 a5 10. a4 Re8 11. Bf3 Nd7 12. Re1 Bf6 13. Qd2 Bb7 14. Rad1 Qe7
15. b3 h6 16. Ne2 Bg5 17. Bxg5 Qxg5 18. Qxg5 hxg5 19. Nd4 Ne5 20. Be2 g6 21.
Nf3 Nxf3+ 22. Bxf3 Re5 23. Re3 Rae8 24. Rde1 Kg7 25. Kf1 c5 26. c3 Bc6 27. c4
Kf6 28. h3 Kg7 29. R1e2 Bd7 30. Ke1 R5e7 31. Kd2 Kf6 32. Re1 Ke5 33. Bd1 Rh8
34. Rg3 Kf6 35. Rf3+ Kg7 36. Rg3 Re5 37. Rge3 Rh4 38. Kd3 f6 39. Kd2 Kf7 40.
Kc3 Bc6 41. Bc2 Rf4 42. R1e2 Rh4 43. Re1 Re8 44. R1e2 Reh8 45. Rg3 R8h6 46. Kd2
Ke6 47. Rge3 Ke5 48. Kd3 Bd7 49. Kd2 g4 50. hxg4 Bxg4 51. f3 Bd7 52. g3 Rh2 53.
f4+ Ke6 54. Rxh2 Rxh2+ 55. Re2 Rh3 56. Re3 Bc6 57. Bd1 Rh2+ 58. Kd3 Ke7 59. Bf3
Rf2 60. Bg4 Kf7 61. Kc3 Kg7 62. Kd3 Kf7 63. Kc3 Ke7 64. Kd3 Ba8 65. Re2 Rxe2
66. Bxe2 Bc6 67. Bg4 Be8 68. Kc3 Bf7 69. Kd3 c6 70. Bf3 Be6 71. Kc3 Bh3 72. Kd3
Ke6 73. g4 g5 74. Ke3 Bf1 75. f5+ Ke5 76. Bh1 Bh3 77. Bf3 d5 78. exd5 cxd5 79.
cxd5 Bf1 80. Be2 Bg2 81. Bc4 Bh1 82. Ke2 Be4 83. Ke3 Bc2 84. Kd2 Be4 85. Ke3
Bg2 86. Ke2 Kd6 87. Ke3 Bxd5 88. Bxd5 Kxd5 89. Kd3 Ke5 90. Ke3 Kd6 91. Kd2 Kc6
92. Kc2 Kd6 93. Kd2 Kd5 94. Kd3 Ke5 95. Ke3 1/2-1/2

[Event "Südlohner SV 1 - SV Horst-Emscher 1"]
[Site "NRW-Klasse - Gruppe 2 2021/20"]
[Date "2021.12.19"]
[Round "3.8"]
[White "Loesing, Henrik"]
[Black "Jacubowski, Andreas"]
[Result "1-0"]
[WhiteElo "1882"]
[BlackElo "1865"]
[PlyCount "57"]
[EventDate "2021.??.??"]
[SourceVersionDate "2020.03.16"]
[WhiteTeam "Südlohner SV 1"]
[BlackTeam "SV Horst-Emscher 1"]

1. d4 Nf6 2. Nf3 g6 3. e3 Bg7 4. Bd3 O-O 5. O-O d6 6. Nbd2 Bg4 7. h3 Bxf3 8.
Qxf3 c6 9. b3 Nbd7 10. Ba3 Re8 11. Rfe1 Qc7 12. Rac1 Rad8 13. Qg3 Nf8 14. f4
N6d7 15. Rf1 b5 16. f5 Qa5 17. fxg6 fxg6 18. Nb1 b4 19. Bb2 Qxa2 20. Nc3 Qa5
21. Ne4 Nf6 22. Rxf6 Bxf6 23. Rf1 Bg7 24. Ng5 e5 25. dxe5 Ne6 26. Nxh7 dxe5 27.
Qxg6 Nf8 28. Nxf8 Rxf8 29. Qh7# 1-0

[Event "SV Welper 1 - SG Bochum 2"]
[Site "NRW-Klasse - Gruppe 2 2021/20"]
[Date "2021.12.19"]
[Round "3.1"]
[White "Wuebker, Paul-Luca"]
[Black "Sohlmann, Jan-Henning"]
[Result "0-1"]
[WhiteElo "2173"]
[BlackElo "2176"]
[PlyCount "108"]
[EventDate "2021.??.??"]
[SourceVersionDate "2020.03.16"]
[WhiteTeam "SG Bochum 2"]
[BlackTeam "SV Welper 1"]

1. d4 d6 2. c4 e5 3. d5 Be7 4. Nc3 Nd7 5. Nf3 a5 6. e4 Ngf6 7. Be2 Nc5 8. Qc2
O-O 9. O-O h6 10. Be3 b6 11. h3 Nh7 12. a3 f5 13. Bxc5 bxc5 14. exf5 Bxf5 15.
Bd3 Qd7 16. Bxf5 Rxf5 17. Nd2 Bh4 18. Nde4 Qf7 19. g3 Bg5 20. Nb5 Rf8 21. Nbxd6
cxd6 22. Nxd6 Qd7 23. Nxf5 Rxf5 24. Qe2 Be7 25. Kg2 Bd6 26. Rac1 Ng5 27. h4 Nf3
28. Rc3 Nd4 29. Qe4 a4 30. Re3 Qb7 31. Rb1 Qf7 32. Rf1 g6 33. Qg4 Kg7 34. Qe4
Qf6 35. Qg4 Qf7 36. Qe4 Bc7 37. Qg4 Rf6 38. Qd1 Qd7 39. Rfe1 Rf7 40. Rf1 Bd6
41. Rfe1 Qf5 42. Rf1 Nb3 43. f4 exf4 44. Re6 Bc7 45. g4 f3+ 46. Kh1 Qxg4 47.
Rf2 Qxh4+ 48. Kg1 Qg4+ 49. Kf1 Qxc4+ 50. Kg1 Qg4+ 51. Kf1 Nd4 52. Re8 Bg3 53.
Qe1 Qh3+ 54. Rg2 Qxg2# 0-1

[Event "SV Welper 1 - SG Bochum 2"]
[Site "NRW-Klasse - Gruppe 2 2021/20"]
[Date "2021.12.19"]
[Round "3.2"]
[White "Fuellgrabe, Thomas"]
[Black "Mazarov, Juergen"]
[Result "1/2-1/2"]
[WhiteElo "2231"]
[BlackElo "2046"]
[PlyCount "48"]
[EventDate "2021.??.??"]
[SourceVersionDate "2020.03.16"]
[WhiteTeam "SV Welper 1"]
[BlackTeam "SG Bochum 2"]

1. e4 c5 2. Nf3 d6 3. Bb5+ Bd7 4. Bxd7+ Qxd7 5. c4 Nc6 6. d4 cxd4 7. Nxd4 Nf6
8. Nc3 g6 9. f3 Bg7 10. Be3 O-O 11. O-O Rac8 12. b3 Rfd8 13. Qd2 b6 14. Rfd1
Qb7 15. Rac1 Nxd4 16. Bxd4 Nd7 17. Nd5 Bxd4+ 18. Qxd4 Ne5 19. f4 Nc6 20. Qe3 e6
21. Nf6+ Kg7 22. e5 Qe7 23. Rf1 dxe5 24. fxe5 Qc5 1/2-1/2

[Event "SV Welper 1 - SG Bochum 2"]
[Site "NRW-Klasse - Gruppe 2 2021/20"]
[Date "2021.12.19"]
[Round "3.3"]
[White "Prieb, Robert"]
[Black "Kemna, Guido"]
[Result "1-0"]
[WhiteElo "1998"]
[BlackElo "2136"]
[PlyCount "149"]
[EventDate "2021.??.??"]
[SourceVersionDate "2020.03.16"]
[WhiteTeam "SG Bochum 2"]
[BlackTeam "SV Welper 1"]

1. d4 d5 2. c4 c6 3. Nf3 Nf6 4. Qc2 Bg4 5. Ne5 Bh5 6. cxd5 Qxd5 7. e3 e6 8. Nc3
Qd6 9. Bc4 Nbd7 10. Nd3 e5 11. O-O Be7 12. b3 O-O 13. a4 exd4 14. exd4 Qxd4 15.
Be3 Qg4 16. f3 Qg6 17. Qf2 Bd6 18. Ne2 Nd5 19. Bxd5 Qxd3 20. Bc4 Qg6 21. g4
Bxg4 22. fxg4 Qxg4+ 23. Qg2 Qh4 24. Nd4 Bc5 25. Rad1 Ne5 26. Rf4 Qh5 27. Rdf1
Qg6 28. Rf5 Qxg2+ 29. Kxg2 Nxc4 30. bxc4 Bb6 31. a5 Bxd4 32. Bxd4 f6 33. Re1 a6
34. Rf4 Rfe8 35. Rfe4 Rxe4 36. Rxe4 Rd8 37. Bb6 Rd7 38. Kf3 Kf7 39. Bc5 Rd3+
40. Ke2 Rd7 41. Ke3 h5 42. Kf4 g6 43. h4 Kg7 44. Kf3 Kf7 45. Ke3 g5 46. hxg5
fxg5 47. Re5 Kf6 48. Bd4 Kg6 49. Ke4 h4 50. Be3 Rh7 51. Rxg5+ Kf6 52. Rf5+ Ke6
53. Bf4 h3 54. Re5+ Kd7 55. Bh2 Rh4+ 56. Kd3 Rg4 57. Rh5 Rg2 58. Rxh3 Ra2 59.
Rh7+ Ke6 60. Bc7 c5 61. Rh5 Ra3+ 62. Kc2 Rf3 63. Rxc5 Rf7 64. Bb6 Kd6 65. Kb3
Rh7 66. Kb4 Rg7 67. Rc8 Rh7 68. c5+ Kd5 69. Rc7 Rxc7 70. Bxc7 Kc6 71. Bd8 Kd7
72. Bh4 Kc6 73. Kc4 Kc7 74. Bg3+ Kc6 75. Bh2 1-0

[Event "SV Welper 1 - SG Bochum 2"]
[Site "NRW-Klasse - Gruppe 2 2021/20"]
[Date "2021.12.19"]
[Round "3.4"]
[White "Schaller, Fabian"]
[Black "Fistoul, Boris"]
[Result "0-1"]
[WhiteElo "2016"]
[BlackElo "2016"]
[PlyCount "72"]
[EventDate "2021.??.??"]
[SourceVersionDate "2020.03.16"]
[WhiteTeam "SV Welper 1"]
[BlackTeam "SG Bochum 2"]

1. Nf3 e6 2. b3 d5 3. Bb2 Nf6 4. g3 b6 5. Bg2 Bb7 6. O-O Bd6 7. d3 O-O 8. Nbd2
c5 9. Re1 Bc7 10. e4 d4 11. h3 e5 12. Nf1 Nc6 13. g4 g6 14. Ng3 Ne8 15. Bc1 Ng7
16. Bh6 Qe7 17. g5 Bc8 18. Nh2 f6 19. h4 Bd7 20. Ng4 f5 21. exf5 gxf5 22. Nf6+
Rxf6 23. gxf6 Qxf6 24. Bd5+ Kh8 25. Bxg7+ Qxg7 26. Kh1 f4 27. Nh5 Qe7 28. Kg1
Qxh4 29. Qf3 Bg4 30. Qh1 Bh3 31. Nf6 Rf8 32. Ne4 Qg4+ 33. Kh2 Nb4 34. f3 Qh4
35. Bc4 Nxc2 36. Rac1 Be6+ 0-1

[Event "SV Welper 1 - SG Bochum 2"]
[Site "NRW-Klasse - Gruppe 2 2021/20"]
[Date "2021.12.19"]
[Round "3.5"]
[White "Gluma, Christian"]
[Black "Linde, Wolfgang"]
[Result "1-0"]
[WhiteElo "1933"]
[BlackElo "2107"]
[PlyCount "77"]
[EventDate "2021.??.??"]
[SourceVersionDate "2020.03.16"]
[WhiteTeam "SG Bochum 2"]
[BlackTeam "SV Welper 1"]

1. e4 e5 2. Nf3 Nc6 3. Bc4 Nf6 4. d3 Be7 5. O-O O-O 6. Nc3 d6 7. h3 Na5 8. Bb3
Nxb3 9. axb3 Re8 10. Re1 c5 11. Be3 b6 12. Na2 Bf8 13. c4 h6 14. Nh2 Bd7 15. f4
exf4 16. Bxf4 b5 17. Qf3 Be6 18. Nc3 bxc4 19. bxc4 g6 20. Rf1 Nd7 21. Nd5 Bg7
22. Bxd6 Ne5 23. Bxe5 Bxe5 24. Ng4 Bd4+ 25. Kh1 Kg7 26. Qf4 g5 27. Qf3 Rf8 28.
Nge3 a5 29. Rf2 a4 30. Raf1 Rb8 31. Qh5 Rxb2 32. Nf5+ Bxf5 33. Rxf5 f6 34. Nf4
gxf4 35. Rd5 Qc8 36. Rxf4 Rb1+ 37. Kh2 Be5 38. Rxe5 fxe5 39. Qxe5+ 1-0

[Event "SV Welper 1 - SG Bochum 2"]
[Site "NRW-Klasse - Gruppe 2 2021/20"]
[Date "2021.12.19"]
[Round "3.6"]
[White "Conrad, Joachim"]
[Black "Fistoul, Michail"]
[Result "1/2-1/2"]
[WhiteElo "1997"]
[BlackElo "1943"]
[PlyCount "63"]
[EventDate "2021.??.??"]
[SourceVersionDate "2020.03.16"]
[WhiteTeam "SV Welper 1"]
[BlackTeam "SG Bochum 2"]

1. d4 e6 2. Nf3 f5 3. e3 Nf6 4. Be2 Be7 5. O-O d5 6. c4 c6 7. b3 O-O 8. Ba3 Ne4
9. Bxe7 Qxe7 10. Qc1 Nd7 11. Qa3 Qxa3 12. Nxa3 g5 13. Nb1 g4 14. Nfd2 Ndf6 15.
f3 Nxd2 16. Nxd2 h5 17. e4 Bd7 18. e5 Nh7 19. f4 Rfe8 20. c5 Nf8 21. Kf2 Ng6
22. Ke3 Kg7 23. Rab1 b5 24. Rfc1 a5 25. Nf1 Nh4 26. g3 Ng6 27. Ra1 Rh8 28. a4
b4 29. Bd3 Bc8 30. Ra2 Ba6 31. Bxa6 Rxa6 32. h4 1/2-1/2

[Event "SV Welper 1 - SG Bochum 2"]
[Site "NRW-Klasse - Gruppe 2 2021/20"]
[Date "2021.12.19"]
[Round "3.7"]
[White "Butschek, Marc"]
[Black "Schaller, Torsten"]
[Result "0-1"]
[WhiteElo "2025"]
[BlackElo "1893"]
[PlyCount "68"]
[EventDate "2021.??.??"]
[SourceVersionDate "2020.03.16"]
[WhiteTeam "SG Bochum 2"]
[BlackTeam "SV Welper 1"]

1. e4 c5 2. c3 d5 3. exd5 Qxd5 4. d4 Nf6 5. dxc5 e5 6. Qxd5 Nxd5 7. b4 Nc6 8.
Bb5 Bf5 9. Bd2 O-O-O 10. Nf3 f6 11. Na3 g5 12. O-O-O h5 13. Nc4 Bg6 14. Rhe1
Be7 15. Kb2 h4 16. h3 Bh5 17. a4 g4 18. hxg4 Bxg4 19. Ne3 Nxe3 20. Rxe3 Bf8 21.
Bxc6 bxc6 22. Re4 f5 23. Rxe5 h3 24. Rde1 Bxf3 25. Bg5 hxg2 26. Bxd8 Kxd8 27.
Re8+ Kd7 28. Ra8 Be4 29. Rxa7+ Ke6 30. Rd1 Be7 31. Rdd7 Rh7 32. Rd1 Rh1 33.
Rdd7 g1=Q 34. Rxe7+ Kf6 0-1

[Event "SV Welper 1 - SG Bochum 2"]
[Site "NRW-Klasse - Gruppe 2 2021/20"]
[Date "2021.12.19"]
[Round "3.8"]
[White "Sondermann, Dirk"]
[Black "Hofmann, Benjamin"]
[Result "1-0"]
[WhiteElo "1824"]
[BlackElo "1635"]
[PlyCount "113"]
[EventDate "2021.??.??"]
[SourceVersionDate "2020.03.16"]
[WhiteTeam "SV Welper 1"]
[BlackTeam "SG Bochum 2"]

1. d4 d5 2. Nf3 e6 3. c4 Nf6 4. Bg5 Be7 5. e3 a6 6. Nc3 O-O 7. Qc2 h6 8. Bh4
dxc4 9. Bxc4 b5 10. Bd3 Bb7 11. Bxf6 Bxf6 12. Ne4 Nd7 13. O-O Rc8 14. Rfd1 Qe7
15. Rac1 Rfd8 16. Nxf6+ Qxf6 17. Be4 Bd5 18. Bxd5 exd5 19. Qc6 Qxc6 20. Rxc6
Nb8 21. Rc5 Rd6 22. Rdc1 c6 23. Ne5 Kf8 24. Nd3 Ke7 25. Nb4 Kd7 26. Nd3 f6 27.
a4 Rc7 28. axb5 axb5 29. Ra1 Ke7 30. Rcc1 Nd7 31. Ra5 Kd8 32. Ra6 Ke7 33. Kf1
Nb8 34. Rb6 Nd7 35. Rxb5 Ra7 36. Rb3 Kd8 37. Ra3 Rxa3 38. bxa3 Nb6 39. Nc5 Ke7
40. Rb1 Nc4 41. Rb7+ Kf8 42. a4 Kg8 43. Rc7 g5 44. Nb7 Re6 45. Nd8 Re8 46. Nxc6
Ra8 47. Ne7+ Kf8 48. Nxd5 Rxa4 49. Nxf6 Ra1+ 50. Ke2 Ra2+ 51. Kf3 Nd2+ 52. Kg4
Nf1 53. Ne4 Nxh2+ 54. Kf5 g4 55. d5 g3 56. fxg3 Rxg2 57. d6 1-0

[Event "SG Bochum 2 - SG Ennepe-Ruhr-Süd 1"]
[Site "NRW-Klasse - Gruppe 2 2021/20"]
[Date "2022.01.23"]
[Round "4.1"]
[White "Lupor, Stefan"]
[Black "Wuebker, Paul-Luca"]
[Result "0-1"]
[WhiteElo "2186"]
[BlackElo "2173"]
[PlyCount "92"]
[EventDate "2022.??.??"]
[SourceVersionDate "2020.03.16"]
[WhiteTeam "SG Ennepe-Ruhr-Süd 1"]
[BlackTeam "SG Bochum 2"]

1. e4 c5 2. Nf3 d6 3. Bb5+ Bd7 4. Bxd7+ Qxd7 5. c4 Nc6 6. d4 cxd4 7. Nxd4 Nf6
8. Nc3 g6 9. b3 Bg7 10. Bb2 O-O 11. O-O e6 12. Rc1 Rfd8 13. Re1 Nxd4 14. Qxd4
d5 15. e5 dxc4 16. Qxc4 Rac8 17. Qf1 Ng4 18. Rcd1 Qe7 19. Rxd8+ Rxd8 20. Nd1
Qc5 21. Ne3 Nxe5 22. Rc1 Qe7 23. Bxe5 Bxe5 24. Nc4 Bc7 25. Rd1 Rxd1 26. Qxd1 b5
27. Ne3 Qd6 28. Qxd6 Bxd6 29. g3 Kf8 30. Kf1 Ke7 31. Ke2 Kd7 32. f3 Kc6 33. Kd3
f5 34. Nc2 e5 35. Ne3 Bc5 36. Nc2 Kd5 37. h3 Bf2 38. g4 Bc5 39. gxf5 gxf5 40.
Ke2 Ke6 41. Ne1 Kf6 42. Ng2 h5 43. Kd3 f4 44. Ke4 Bf2 45. Kd3 Kf5 46. Ke2 Bg3
0-1

[Event "SG Bochum 2 - SG Ennepe-Ruhr-Süd 1"]
[Site "NRW-Klasse - Gruppe 2 2021/20"]
[Date "2022.01.23"]
[Round "4.2"]
[White "Mazarov, Juergen"]
[Black "Tripolsky, Eugen"]
[Result "1-0"]
[WhiteElo "2046"]
[BlackElo "2204"]
[PlyCount "49"]
[EventDate "2022.??.??"]
[SourceVersionDate "2020.03.16"]
[WhiteTeam "SG Bochum 2"]
[BlackTeam "SG Ennepe-Ruhr-Süd 1"]

1. e4 g6 2. d4 Bg7 3. Nc3 d5 4. exd5 Nf6 5. Bc4 Nbd7 6. Nf3 O-O 7. Bg5 Nb6 8.
Bxf6 Bxf6 9. Bb3 a5 10. a3 a4 11. Ba2 c6 12. dxc6 bxc6 13. O-O Ba6 14. Re1 Qc7
15. Ne4 Bg7 16. c3 Rfb8 17. Nc5 Bc4 18. Bxc4 Nxc4 19. Qe2 Nd6 20. Na6 Rxa6 21.
Qxa6 Rxb2 22. Qxa4 c5 23. Rab1 Rxb1 24. Rxb1 cxd4 25. cxd4 1-0

[Event "SG Bochum 2 - SG Ennepe-Ruhr-Süd 1"]
[Site "NRW-Klasse - Gruppe 2 2021/20"]
[Date "2022.01.23"]
[Round "4.3"]
[White "Bruchmann, Norbert"]
[Black "Prieb, Robert"]
[Result "0-1"]
[WhiteElo "2048"]
[BlackElo "2008"]
[PlyCount "88"]
[EventDate "2022.??.??"]
[SourceVersionDate "2020.03.16"]
[WhiteTeam "SG Ennepe-Ruhr-Süd 1"]
[BlackTeam "SG Bochum 2"]

1. e4 c5 2. Nc3 a6 3. g3 b5 4. Bg2 Bb7 5. Nge2 e6 6. O-O d6 7. d4 cxd4 8. Nxd4
Nf6 9. a3 Qc7 10. Re1 Nc6 11. Nxc6 Bxc6 12. Nd5 Bxd5 13. exd5 e5 14. a4 Rc8 15.
axb5 axb5 16. Bh3 Rb8 17. Be3 Be7 18. Qd3 O-O 19. Ra7 Rb7 20. Rea1 Rfb8 21. Bf1
Bf8 22. b3 Ng4 23. Rxb7 Rxb7 24. Bd2 Qc5 25. Be1 b4 26. Qd1 f5 27. Bc4 e4 28.
Kg2 g6 29. Ra6 e3 30. f3 e2 31. Qxe2 Re7 32. fxg4 Rxe2+ 33. Bxe2 Qxc2 34. Kf1
Qxb3 35. Rb6 Qxd5 36. Rxb4 Qh1+ 37. Kf2 d5 38. Rb8 Qxh2+ 39. Ke3 fxg4 40. Bxg4
Kf7 41. Bf3 Bc5+ 42. Kd3 Qa2 43. Bc3 Qc4+ 44. Kd2 d4 0-1

[Event "SG Bochum 2 - SG Ennepe-Ruhr-Süd 1"]
[Site "NRW-Klasse - Gruppe 2 2021/20"]
[Date "2022.01.23"]
[Round "4.4"]
[White "Rempe, Moritz"]
[Black "Heller, Achim"]
[Result "1/2-1/2"]
[WhiteElo "2037"]
[BlackElo "1985"]
[PlyCount "36"]
[EventDate "2022.??.??"]
[SourceVersionDate "2020.03.16"]
[WhiteTeam "SG Bochum 2"]
[BlackTeam "SG Ennepe-Ruhr-Süd 1"]

1. e4 c6 2. d4 d5 3. Nc3 dxe4 4. Nxe4 Bf5 5. Ng3 Bg6 6. Nf3 e6 7. Bd3 Nf6 8.
O-O Be7 9. Re1 O-O 10. c3 c5 11. Bg5 cxd4 12. Nxd4 Bxd3 13. Qxd3 Nc6 14. Red1
Nxd4 15. Qxd4 Qxd4 16. Rxd4 Rad8 17. Rad1 Rxd4 18. Rxd4 Rd8 1/2-1/2

[Event "SG Bochum 2 - SG Ennepe-Ruhr-Süd 1"]
[Site "NRW-Klasse - Gruppe 2 2021/20"]
[Date "2022.01.23"]
[Round "4.5"]
[White "Hess, Olena"]
[Black "Gluma, Christian"]
[Result "0-1"]
[WhiteElo "2033"]
[BlackElo "1936"]
[PlyCount "64"]
[EventDate "2022.??.??"]
[SourceVersionDate "2020.03.16"]
[WhiteTeam "SG Ennepe-Ruhr-Süd 1"]
[BlackTeam "SG Bochum 2"]

1. Nf3 d5 2. d4 Nf6 3. c4 e6 4. g3 Bb4+ 5. Bd2 Be7 6. Bg2 O-O 7. Qc2 Ne4 8. Bf4
c6 9. O-O Nd7 10. Nbd2 g5 11. Be3 f5 12. cxd5 exd5 13. Nxe4 fxe4 14. Nd2 Qe8
15. f3 exf3 16. exf3 Qh5 17. f4 Nf6 18. Nf3 Ng4 19. Qd2 Bb4 20. Qc1 Bf5 21. Bd2
Bxd2 22. Qxd2 gxf4 23. gxf4 Kh8 24. h3 Nf6 25. Kh2 Rg8 26. Ng1 Rg6 27. Rae1
Rag8 28. Re2 Rg3 29. Qe1 Qh4 30. Kh1 Bd3 31. Rf3 Bxe2 32. Qxe2 Rxg2 0-1

[Event "SG Bochum 2 - SG Ennepe-Ruhr-Süd 1"]
[Site "NRW-Klasse - Gruppe 2 2021/20"]
[Date "2022.01.23"]
[Round "4.6"]
[White "Fistoul, Michail"]
[Black "Nasoyan, Maksim"]
[Result "1-0"]
[WhiteElo "1943"]
[BlackElo "1895"]
[PlyCount "140"]
[EventDate "2022.??.??"]
[SourceVersionDate "2020.03.16"]
[WhiteTeam "SG Bochum 2"]
[BlackTeam "SG Ennepe-Ruhr-Süd 1"]

1. d4 Nf6 2. c4 c5 3. d5 b5 4. cxb5 a6 5. bxa6 g6 6. g3 d6 7. Bg2 Bxa6 8. Nc3
Nbd7 9. Nf3 Bg7 10. O-O Nb6 11. Re1 O-O 12. e4 Ne8 13. Qc2 Nc7 14. Be3 Qb8 15.
Rad1 Nc4 16. b3 Nxe3 17. Rxe3 Qb4 18. e5 Bb7 19. a4 Rfb8 20. Nd2 Bxe5 21. Na2
Qg4 22. Nc4 Bf6 23. Bf3 Qh3 24. Bg2 Qh6 25. Nb6 Ra6 26. Nd7 Re8 27. Nxf6+ exf6
28. Rxe8+ Nxe8 29. Qe2 Ra8 30. Qe7 Qh5 31. Nc3 Ba6 32. Re1 Qf5 33. Ne4 Qe5 34.
Qxe5 fxe5 35. Nc3 Rb8 36. Rb1 Bd3 37. Rb2 Bc4 38. a5 f5 39. Bf1 Bxf1 40. Kxf1
Nc7 41. Ke2 Kf7 42. f3 Na6 43. Kd2 Nb4 44. Rb1 Ke7 45. Ra1 Rb7 46. Ra3 g5 47.
h3 h5 48. Ra1 Kd7 49. Rg1 Na6 50. Kc2 Rb4 51. g4 fxg4 52. fxg4 h4 53. Rf1 Rd4
54. Rf7+ Kd8 55. Rg7 Nb4+ 56. Kc1 e4 57. Rxg5 e3 58. Rg6 Kd7 59. Rg7+ Kd8 60.
Rg6 Na2+ 61. Nxa2 e2 62. Rxd6+ Kc7 63. Re6 Rd1+ 64. Kc2 e1=Q 65. Rxe1 Rxe1 66.
Nc3 Ra1 67. Na4 Rh1 68. a6 Rxh3 69. d6+ Kxd6 70. a7 Rh2+ 1-0

[Event "SG Bochum 2 - SG Ennepe-Ruhr-Süd 1"]
[Site "NRW-Klasse - Gruppe 2 2021/20"]
[Date "2022.01.23"]
[Round "4.7"]
[White "Beller, Anthony"]
[Black "Butschek, Marc"]
[Result "1-0"]
[WhiteElo "1755"]
[BlackElo "2025"]
[PlyCount "31"]
[EventDate "2022.??.??"]
[SourceVersionDate "2020.03.16"]
[WhiteTeam "SG Ennepe-Ruhr-Süd 1"]
[BlackTeam "SG Bochum 2"]

1. e4 e6 2. Nf3 d5 3. Nc3 Nf6 4. e5 Nfd7 5. d4 c5 6. Bg5 Qb6 7. dxc5 Bxc5 8.
Qd2 Bxf2+ 9. Qxf2 Qxb2 10. Kd2 Qxa1 11. Bb5 Qxh1 12. Qc5 Qxg2+ 13. Kc1 f6 14.
exf6 gxf6 15. Bxf6 Qf1+ 16. Nd1 1-0

[Event "SG Bochum 2 - SG Ennepe-Ruhr-Süd 1"]
[Site "NRW-Klasse - Gruppe 2 2021/20"]
[Date "2022.01.23"]
[Round "4.8"]
[White "Zeldin, Vitali"]
[Black "Liesendahl, Felix"]
[Result "1-0"]
[WhiteElo "1989"]
[BlackElo "1643"]
[PlyCount "137"]
[EventDate "2022.??.??"]
[SourceVersionDate "2020.03.16"]
[WhiteTeam "SG Bochum 2"]
[BlackTeam "SG Ennepe-Ruhr-Süd 1"]

1. e4 c5 2. Nf3 d6 3. Bb5+ Nd7 4. d4 cxd4 5. Nxd4 a6 6. Bxd7+ Bxd7 7. O-O Nf6
8. Re1 e6 9. Nc3 Be7 10. Be3 O-O 11. h3 Rc8 12. f4 Qa5 13. Qd2 Rxc3 14. Qxc3
Qxc3 15. bxc3 Nxe4 16. Rab1 b5 17. Rb3 d5 18. Nf3 Rc8 19. Bd4 f6 20. Rd1 Bd6
21. Be3 Nxc3 22. Rd3 Ne2+ 23. Kf2 Rxc2 24. Rd2 Rxd2 25. Nxd2 Nxf4 26. Kf3 Ng6
27. a4 bxa4 28. Rb6 Ne5+ 29. Kf2 Bc5 30. Rxa6 d4 31. Bf4 Nd3+ 32. Kf3 e5 33.
Bg3 Kf7 34. Ke2 Bb5 35. Ra5 Nf4+ 36. Kd1 Be2+ 37. Ke1 Bb4 38. Ra7+ Kg6 39. Bxf4
Bd3 40. Rxa4 Bc3 41. Bg3 Be4 42. Ke2 Bxd2 43. Kxd2 Bxg2 44. h4 h5 45. Ra7 e4
46. Rd7 d3 47. Bd6 Bh3 48. Ra7 Be6 49. Ke3 Bf7 50. Bb4 f5 51. Bc3 Bb3 52. Rxg7+
Kh6 53. Rg5 Be6 54. Bd2 Bd7 55. Kf4 Bc8 56. Ke5 Kh7 57. Kf6 Ba6 58. Rxh5+ Kg8
59. Rxf5 e3 60. Bxe3 d2 61. Bxd2 Be2 62. h5 Bd3 63. h6 Bxf5 64. Kxf5 Kh7 65.
Kg5 Kg8 66. Kg6 Kh8 67. Bc3+ Kg8 68. h7+ Kf8 69. h8=Q+ 1-0

[Event "SV Horst-Emscher 1 - SG Turm Raesfeld/E"]
[Site "NRW-Klasse - Gruppe 2 2021/20"]
[Date "2022.01.23"]
[Round "4.1"]
[White "Greifenberg, Daniel"]
[Black "Baerwolf, Steven"]
[Result "0-1"]
[WhiteElo "2124"]
[BlackElo "2300"]
[PlyCount "120"]
[EventDate "2022.??.??"]
[SourceVersionDate "2020.03.16"]
[WhiteTeam "SG Turm Raesfeld/Erle 1"]
[BlackTeam "SV Horst-Emscher 1"]

1. d4 d5 2. c4 e6 3. Nf3 Nf6 4. Nc3 a6 5. cxd5 exd5 6. Bg5 Be6 7. e3 Bd6 8. Bd3
Nbd7 9. e4 dxe4 10. Bxe4 c6 11. Qe2 O-O 12. O-O Qa5 13. Bc2 Rfe8 14. Qd3 Bg4
15. Bh4 Qh5 16. Bg3 Bxg3 17. fxg3 Rad8 18. h3 Bxf3 19. Qxf3 Qxf3 20. Rxf3 Nb6
21. Rd1 Re7 22. g4 h6 23. Kf2 Red7 24. Ne2 Nc4 25. Bf5 Re7 26. b3 Rde8 27. Nc3
Ne3 28. Rd2 Nxf5 29. gxf5 Rd7 30. Rfd3 Red8 31. Ke3 Nd5+ 32. Nxd5 Rxd5 33. g4
Kf8 34. Rc2 Ke7 35. Rc4 Kf6 36. b4 Kg5 37. Rc5 h5 38. Rc1 hxg4 39. hxg4 Kxg4
40. Rg1+ Kxf5 41. Rxg7 Ke6 42. Rh7 Rg8 43. Kd2 Rg2+ 44. Kc3 Rxa2 45. Re3+ Kd6
46. Kb3 Rf2 47. Rh8 Rdf5 48. Rhh3 R2f4 49. Kc3 a5 50. Rd3 axb4+ 51. Kxb4 c5+
52. Kc4 Rxd4+ 53. Rxd4+ cxd4 54. Rh6+ Ke5 55. Rb6 Rf3 56. Rxb7 Rc3+ 57. Kb4 f5
58. Re7+ Kf4 59. Re1 Rc8 60. Rf1+ Ke4 0-1

[Event "SV Horst-Emscher 1 - SG Turm Raesfeld/E"]
[Site "NRW-Klasse - Gruppe 2 2021/20"]
[Date "2022.01.23"]
[Round "4.2"]
[White "Rebentisch, Tom"]
[Black "Wilger, Frank"]
[Result "1/2-1/2"]
[WhiteElo "2138"]
[BlackElo "2127"]
[PlyCount "111"]
[EventDate "2022.??.??"]
[SourceVersionDate "2020.03.16"]
[WhiteTeam "SV Horst-Emscher 1"]
[BlackTeam "SG Turm Raesfeld/Erle 1"]

1. d4 d5 2. c4 e6 3. Nc3 Be7 4. Nf3 Nf6 5. Bg5 O-O 6. e3 Nbd7 7. cxd5 exd5 8.
Bd3 c6 9. O-O Ne4 10. Bxe7 Qxe7 11. Qc2 Ndf6 12. Rab1 Re8 13. b4 a6 14. a4 Bd7
15. Ne5 Bf5 16. Ne2 g6 17. Rfc1 Nd7 18. Nxd7 Qxd7 19. Ng3 Nxg3 20. hxg3 Bxd3
21. Qxd3 Kg7 22. b5 cxb5 23. axb5 a5 24. b6 Rec8 25. Qa3 a4 26. Rc5 Rxc5 27.
dxc5 Qc6 28. Ra1 Qb5 29. Qc3+ f6 30. Ra3 Ra5 31. Qd4 Qxc5 32. Rxa4 Qxd4 33.
Rxd4 Kf7 34. e4 Ke6 35. exd5+ Rxd5 36. Rc4 Rd1+ 37. Kh2 Rb1 38. Rc7 Rxb6 39.
Rxh7 Rb1 40. f3 b5 41. Rb7 f5 42. Rb6+ Kf7 43. g4 fxg4 44. fxg4 b4 45. Kg3 b3
46. Kf4 Rg1 47. g3 g5+ 48. Kf5 Rxg3 49. Rb7+ Kf8 50. Kxg5 Kg8 51. Kf5 Rc3 52.
g5 Rc6 53. Rxb3 Kg7 54. Rb7+ Kg8 55. g6 Rc1 56. Kf6 1/2-1/2

[Event "SV Horst-Emscher 1 - SG Turm Raesfeld/E"]
[Site "NRW-Klasse - Gruppe 2 2021/20"]
[Date "2022.01.23"]
[Round "4.3"]
[White "Buendgen, Achim"]
[Black "de Roda Husman, Juan"]
[Result "1/2-1/2"]
[WhiteElo "2091"]
[BlackElo "2241"]
[PlyCount "50"]
[EventDate "2022.??.??"]
[SourceVersionDate "2020.03.16"]
[WhiteTeam "SG Turm Raesfeld/Erle 1"]
[BlackTeam "SV Horst-Emscher 1"]

1. e4 c5 2. b3 Nc6 3. Bb2 d6 4. Nf3 Nf6 5. e5 dxe5 6. Nxe5 Nxe5 7. Bxe5 e6 8.
Nc3 Bd6 9. Bb5+ Kf8 10. f4 a6 11. Bd3 Qc7 12. O-O h5 13. Qe2 Bd7 14. Rae1 Re8
15. a4 Bc6 16. Ne4 Nxe4 17. Bxe4 f6 18. Bg6 Re7 19. Bxh5 Kg8 20. Bxd6 Qxd6 21.
Bf3 Qxf4 22. g3 Qd4+ 23. Qe3 Bxf3 24. Rxf3 Kf7 25. Rf4 Qd5 1/2-1/2

[Event "SV Horst-Emscher 1 - SG Turm Raesfeld/E"]
[Site "NRW-Klasse - Gruppe 2 2021/20"]
[Date "2022.01.23"]
[Round "4.4"]
[White "Kroeger, Fabian"]
[Black "Gesing, Felix"]
[Result "1/2-1/2"]
[WhiteElo "2196"]
[BlackElo "2056"]
[PlyCount "53"]
[EventDate "2022.??.??"]
[SourceVersionDate "2020.03.16"]
[WhiteTeam "SV Horst-Emscher 1"]
[BlackTeam "SG Turm Raesfeld/Erle 1"]

1. e4 d6 2. d4 Nf6 3. Nc3 Nbd7 4. f4 e5 5. Nf3 exd4 6. Nxd4 g6 7. Qf3 Bg7 8.
Be3 O-O 9. O-O-O Nc5 10. h3 Qe7 11. e5 dxe5 12. fxe5 Qxe5 13. Bf4 Qe7 14. Bc4
Ne6 15. Nxe6 Bxe6 16. Rhe1 Qb4 17. Bxe6 fxe6 18. a3 Qc4 19. Qe3 Ng4 20. hxg4
Qxf4 21. Qxf4 Rxf4 22. Rxe6 Bxc3 23. bxc3 Raf8 24. Rd7 R8f7 25. Ree7 Rxe7 26.
Rxe7 Rf7 27. Re8+ 1/2-1/2